000 00992nam a2200313 a 4500
001 75292
003 BD-RjUL
005 20211209082653.0
008 190212s1958 nyua 000 0 eng
035 _a(BD-RjUL)75510)
035 _a(OCoLC)1216306
040 _aDLC
_cFO
_dOCoLC
_dUk
_dDLC
_dBD-RjUL
_beng
041 _aeng
042 _apremarc
082 _223
_a621.56
_bSEA 1958
100 1 _aSeverns, William H.
_q(William Harrison),
_d1888-1956.
_9228129
245 1 0 _aAir conditioning and refrigeration /
_c[by] William H. Severns and Julian R. Fellows.
260 _aNew York :
_bWiley,
_c1958.
300 _a563 p. :
_billus.;
_c24 cm.
500 _aIncludes index.
650 0 _aAir conditioning.
_9228130
650 0 _aRefrigeration and refrigerating machinery.
_9228131
650 0 _aHeating.
_9228132
700 1 _aFellows, Julian R.
_q(Julian Robert),
_d1900-1985,
_9228133
942 _2ddc
_cBK
999 _c75292
_d75292